QUEST Central Library Banner

رسول نمبر ۶ (Record no. 64930)

MARC details
000 -LEADER
fixed length control field 00212nam a22001097a 4500
082 ## - DEWEY DECIMAL CLASSIFICATION NUMBER
Classification number 297.49.22
100 ## - MAIN ENTRY--AUTHOR NAME
Personal name نقوش
245 ## - TITLE STATEMENT
Title رسول نمبر ۶
260 ## - PUBLICATION, DISTRIBUTION, ETC. (IMPRINT)
Place of publication لاہور
300 ## - PHYSICAL DESCRIPTION
Number of Pages ۷۹۶
942 ## - ADDED ENTRY ELEMENTS (KOHA)
Koha item type Books
Holdings
Withdrawn status Lost status Home library Current library Date acquired Full call number Accession Number Koha item type
    Reference Section Reference Section 03/07/2019 297.49.22 (Shelf -19A) R8660 Books

Copyright © 2018,The QUEST, Nawabshah, Shaheed Benazirabad. All rights reserved
Mr. G. Farooq Channar (Librarian) QUEST, Nawabshah, Sindh, Pakistan 67480.
 Ph#: |   0244-9370381-4 Ext. 2308   Email| lib@quest.edu.pk   Web|  http://www.quest.edu.pk